000
00222nam a2200097Ia 4500
008
240331s9999 xx 000 0 und d
082
_b
RAN
100
_a
Ranaweera, E
245
0
_a
Some literary women of Sri Lanka
942
_c
L
999
_c
1846
_d
1846